00373nam a2200121 i 4500001000300000100001800003245005700021260001800078040000800096041000800104008004100112856009800153bg1 aLAGROS, Roger 0aCalcul transformationnel :btheorie /cRoger Lagros. aParis,c1974. cBPK apol s pl f |000 0 pol  uhttp://koha.tu.koszalin.pl/cgi-bin/koha/opac-detail.pl?biblionumber=27305yKatalog online BPK